000
00291nam a2200097Ia 4500
008
171204s9999 xx 000 0 und d
245
_a
Advances In Psychology Research:
260
_c
2015
650
_x
ADVANCED RESEARCH METHODS 1
856
_u
http://down.ebook777.com/026/AdvInPsyResVol103.pdf
999
_c
346885
_d
346885